<?xml version="1.0" encoding="UTF-8"?>
<record
    xmlns:xsi="http://www.w3.org/2001/XMLSchema-instance"
    xsi:schemaLocation="http://www.loc.gov/MARC21/slim http://www.loc.gov/standards/marcxml/schema/MARC21slim.xsd"
    xmlns="http://www.loc.gov/MARC21/slim">

  <leader>00782nam a22001817a 4500</leader>
  <controlfield tag="008">150129b        xxu||||| |||| 00| 0 eng d</controlfield>
  <datafield tag="020" ind1=" " ind2=" ">
    <subfield code="a">1859414125</subfield>
  </datafield>
  <datafield tag="050" ind1=" " ind2=" ">
    <subfield code="a">KD5345.R1(2e)</subfield>
  </datafield>
  <datafield tag="100" ind1=" " ind2=" ">
    <subfield code="a">Ramjohn,  M.</subfield>
  </datafield>
  <datafield tag="245" ind1=" " ind2=" ">
    <subfield code="a">Q &amp; A Series revenue law ./</subfield>
    <subfield code="c">Ramjohn  M.</subfield>
  </datafield>
  <datafield tag="250" ind1=" " ind2=" ">
    <subfield code="a">2nd ed.</subfield>
  </datafield>
  <datafield tag="260" ind1=" " ind2=" ">
    <subfield code="a">London:</subfield>
    <subfield code="b">Cavendish Publishing Ltd.:</subfield>
    <subfield code="c">1999.</subfield>
  </datafield>
  <datafield tag="300" ind1=" " ind2=" ">
    <subfield code="a">xxvi,314p.:</subfield>
    <subfield code="c">24cm.</subfield>
  </datafield>
  <datafield tag="500" ind1=" " ind2=" ">
    <subfield code="a">Includes index.</subfield>
  </datafield>
  <datafield tag="505" ind1=" " ind2=" ">
    <subfield code="a">Contents: Income tax: Income tax: general principles -- Income from land -- Profits from trades, professions and vocations -- Schedule D CASES III- VI -- Schedule E -- Schedule F Value added tax: Value added tax -- Capital gains tax -- General introduction -- Exemptions and reliefs -- Corporation tax -- Inheritance tax.</subfield>
  </datafield>
  <datafield tag="650" ind1=" " ind2=" ">
    <subfield code="a">Law</subfield>
  </datafield>
  <datafield tag="942" ind1=" " ind2=" ">
    <subfield code="2">lcc</subfield>
    <subfield code="c">BK</subfield>
  </datafield>
  <datafield tag="999" ind1=" " ind2=" ">
    <subfield code="c">5324</subfield>
    <subfield code="d">12824</subfield>
  </datafield>
  <datafield tag="952" ind1=" " ind2=" ">
    <subfield code="0">0</subfield>
    <subfield code="1">0</subfield>
    <subfield code="2">lcc</subfield>
    <subfield code="4">0</subfield>
    <subfield code="7">0</subfield>
    <subfield code="a">WIUC-1</subfield>
    <subfield code="b">WIUC-1</subfield>
    <subfield code="c">LL</subfield>
    <subfield code="d">2015-01-29</subfield>
    <subfield code="l">0</subfield>
    <subfield code="o">KD5345.R1(2e)</subfield>
    <subfield code="p">2486/1483/15</subfield>
    <subfield code="r">2015-01-29 00:00:00</subfield>
    <subfield code="t">1</subfield>
    <subfield code="w">2015-01-29</subfield>
    <subfield code="y">BK</subfield>
  </datafield>
  <datafield tag="952" ind1=" " ind2=" ">
    <subfield code="0">0</subfield>
    <subfield code="1">0</subfield>
    <subfield code="2">lcc</subfield>
    <subfield code="4">0</subfield>
    <subfield code="7">0</subfield>
    <subfield code="a">WIUC-1</subfield>
    <subfield code="b">WIUC-1</subfield>
    <subfield code="c">REF LAW SECTION</subfield>
    <subfield code="d">2024-07-23</subfield>
    <subfield code="l">0</subfield>
    <subfield code="o">KD5345.R1(2e)</subfield>
    <subfield code="p">001/001/24</subfield>
    <subfield code="r">2024-07-23 00:00:00</subfield>
    <subfield code="t">1</subfield>
    <subfield code="w">2024-07-23</subfield>
    <subfield code="y">BK</subfield>
  </datafield>
  <datafield tag="952" ind1=" " ind2=" ">
    <subfield code="0">0</subfield>
    <subfield code="1">0</subfield>
    <subfield code="2">lcc</subfield>
    <subfield code="4">0</subfield>
    <subfield code="7">0</subfield>
    <subfield code="a">WIUC-1</subfield>
    <subfield code="b">WIUC-1</subfield>
    <subfield code="c">REF LAW SECTION</subfield>
    <subfield code="d">2024-07-23</subfield>
    <subfield code="l">0</subfield>
    <subfield code="o">KD5345.R11(2e)</subfield>
    <subfield code="p">002/002/24</subfield>
    <subfield code="r">2024-07-23 00:00:00</subfield>
    <subfield code="t">2</subfield>
    <subfield code="w">2024-07-23</subfield>
    <subfield code="y">BK</subfield>
  </datafield>
  <datafield tag="952" ind1=" " ind2=" ">
    <subfield code="0">0</subfield>
    <subfield code="1">0</subfield>
    <subfield code="2">lcc</subfield>
    <subfield code="4">0</subfield>
    <subfield code="7">0</subfield>
    <subfield code="a">WIUC-1</subfield>
    <subfield code="b">WIUC-1</subfield>
    <subfield code="c">REF LAW SECTION</subfield>
    <subfield code="d">2024-07-23</subfield>
    <subfield code="l">0</subfield>
    <subfield code="o">KD5345.R12(2e)</subfield>
    <subfield code="p">003/003/24</subfield>
    <subfield code="r">2024-07-23 00:00:00</subfield>
    <subfield code="t">3</subfield>
    <subfield code="w">2024-07-23</subfield>
    <subfield code="y">BK</subfield>
  </datafield>
  <datafield tag="952" ind1=" " ind2=" ">
    <subfield code="0">0</subfield>
    <subfield code="1">0</subfield>
    <subfield code="2">lcc</subfield>
    <subfield code="4">0</subfield>
    <subfield code="7">0</subfield>
    <subfield code="a">WIUC-1</subfield>
    <subfield code="b">WIUC-1</subfield>
    <subfield code="c">LL</subfield>
    <subfield code="d">2024-07-23</subfield>
    <subfield code="l">0</subfield>
    <subfield code="o">KD5345.R11(2e)</subfield>
    <subfield code="p">3331/439/24</subfield>
    <subfield code="r">2024-07-23 00:00:00</subfield>
    <subfield code="t">2</subfield>
    <subfield code="w">2024-07-23</subfield>
    <subfield code="y">BK</subfield>
  </datafield>
  <datafield tag="952" ind1=" " ind2=" ">
    <subfield code="0">0</subfield>
    <subfield code="1">0</subfield>
    <subfield code="2">lcc</subfield>
    <subfield code="4">0</subfield>
    <subfield code="7">0</subfield>
    <subfield code="a">WIUC-1</subfield>
    <subfield code="b">WIUC-1</subfield>
    <subfield code="c">LL</subfield>
    <subfield code="d">2024-07-23</subfield>
    <subfield code="l">0</subfield>
    <subfield code="o">KD5345.R12(2e)</subfield>
    <subfield code="p">3332/440/24</subfield>
    <subfield code="r">2024-07-23 00:00:00</subfield>
    <subfield code="t">3</subfield>
    <subfield code="w">2024-07-23</subfield>
    <subfield code="y">BK</subfield>
  </datafield>
  <datafield tag="952" ind1=" " ind2=" ">
    <subfield code="0">0</subfield>
    <subfield code="1">0</subfield>
    <subfield code="2">lcc</subfield>
    <subfield code="4">0</subfield>
    <subfield code="7">0</subfield>
    <subfield code="a">WIUC-1</subfield>
    <subfield code="b">WIUC-1</subfield>
    <subfield code="c">LL</subfield>
    <subfield code="d">2024-07-23</subfield>
    <subfield code="l">0</subfield>
    <subfield code="o">KD5345.R13(2e)</subfield>
    <subfield code="p">3333/441/24</subfield>
    <subfield code="r">2024-07-23 00:00:00</subfield>
    <subfield code="t">4</subfield>
    <subfield code="w">2024-07-23</subfield>
    <subfield code="y">BK</subfield>
  </datafield>
</record>
